000 00541nam a2200181Ia 4500
008 090123s9999 xx 000 0 und d
082 _b13562
_a891.463/आठल्ये
100 _aआठल्ये दिनेश
245 _aस्वप्ना
250 _a1
260 _bशशिदिप प्रकाशन
300 _a124
600 _aआठल्ये दिनेश
630 _aस्वप्ना
700 _aआठल्ये दिनेश
730 _aस्वप्ना
942 _cBOOK
999 _c51625
_d51625